Korózna odolnosť Ni-W povlakov pripravených impulzovou technikou

Guardado en:
Detalles Bibliográficos
Autor principal: Krivosudská, Margaréta
Formato: Software Libro
Lenguaje:eslovaco
Publicado: Bratislava STU FCHPT 2009
Acceso en línea:Ver en el OPAC
Etiquetas: Agregar Etiqueta
Sin Etiquetas, Sea el primero en etiquetar este registro!

MARC

LEADER 00000nam a2200000 a 4500
005 20260127134239.0
007 co ugu
008 090713 2009 xo 000 0 slo d
035 |a vtls009627071 
039 9 |y 200907130959  |z mschk03 
040 |a STUSCHK1  |b slo  |c STUSCHK1  |e AACR2 
100 1 |a Krivosudská, Margaréta 
245 1 |a Korózna odolnosť Ni-W povlakov pripravených impulzovou technikou  |c Margaréta Krivosudská 
260 |a Bratislava  |b STU FCHPT  |c 2009 
300 |a 1 elektronický disk 
500 |a Obháj.: 8.6. 2009 
500 |a Študijný program: anorganické technológie a materiály 
500 |a Študijný odbor: 5.2.18 chemické technológie 
500 |a Miesto vypracovania: Oddelenie anorganickej technológie, FCHPT STU 
500 |a Diplomová práca na CD-ROMe 
910 |a SCHK95 
999 |c 7781  |d 7781